| Tag |
First Indicator |
Second Indicator |
Subfields |
| LEADER |
00000cam a2200000 4500 |
| 001 |
in00000462521 |
| 005 |
20151012162652.0 |
| 008 |
740115s1967 ohuak 00110 eng |
| 010 |
|
|
|a 66027662
|
| 035 |
|
|
|a (OCoLC)00776007
|
| 035 |
|
|
|9 ABZ5604AM
|
| 040 |
|
|
|c CPL
|d TXA
|d UtOrBLW
|
| 049 |
|
|
|a TXAM
|c [1534066]
|
| 050 |
0 |
0 |
|a HF5823
|b .S223
|
| 082 |
0 |
|
|a 659.1/071/273
|
| 100 |
1 |
|
|a Samson, Harland E.
|
| 245 |
1 |
0 |
|a Advertising and displaying merchandise /
|c [by] Harland E. Samson.
|
| 264 |
|
1 |
|a Cincinnati :
|b South-western Pub. Co.,
|c [1967]
|
| 300 |
|
|
|a vi, 218 pages :
|b illustrations, forms. ;
|c 28 cm.
|
| 336 |
|
|
|a text
|b txt
|2 rdacontent
|
| 337 |
|
|
|a unmediated
|b n
|2 rdamedia
|
| 338 |
|
|
|a volume
|b nc
|2 rdacarrier
|
| 490 |
0 |
|
|a Distributive education series, DE12
|
| 650 |
|
0 |
|a Advertising.
|
| 650 |
|
0 |
|a Display of merchandise.
|
| 999 |
|
|
|a MARS
|
| 999 |
f |
f |
|s 73650f1a-c4b4-3a2a-8cb7-f1616cddde16
|i adb39dea-829b-30a1-97e9-8ec2c565d1fb
|t 0
|
| 952 |
f |
f |
|p ric
|a Texas A&M University
|b Rellis Campus
|c Joint Library Facility
|d Remote Storage
|t 0
|e HF5823 .S223
|h Library of Congress classification
|i unmediated -- volume
|m A14802853202
|
| 998 |
f |
f |
|a HF5823 .S223
|t 0
|l Remote Storage
|